| Tag |
First Indicator |
Second Indicator |
Subfields |
| LEADER |
00000cam a2200000 a 4500 |
| 001 |
in00001237708 |
| 005 |
20151003071849.0 |
| 008 |
950718s1995 caua 001 0 eng d |
| 020 |
|
|
|a 1562763105
|
| 035 |
|
|
|a (OCoLC)32834966
|
| 035 |
|
|
|9 AGT5329AM
|
| 040 |
|
|
|a VIA
|c VIA
|d TXA
|d UtOrBLW
|
| 049 |
|
|
|a TXAM
|
| 090 |
|
|
|a QA76.9.D5
|b S24 1995
|
| 092 |
|
|
|a 005.758
|b S163g, 1995
|
| 100 |
1 |
|
|a Salemi, Joe.
|
| 245 |
1 |
0 |
|a Guide to client/server databases /
|c Joe Salemi.
|
| 250 |
|
|
|a 2nd ed.
|
| 264 |
|
1 |
|a Emeryville, Calif. :
|b Ziff-Davis Press,
|c [1995]
|
| 264 |
|
4 |
|c ©1995
|
| 300 |
|
|
|a xviii, 312 pages :
|b illustrations ;
|c 24 cm.
|
| 336 |
|
|
|a text
|b txt
|2 rdacontent
|
| 337 |
|
|
|a unmediated
|b n
|2 rdamedia
|
| 338 |
|
|
|a volume
|b nc
|2 rdacarrier
|
| 500 |
|
|
|a Includes index.
|
| 650 |
|
0 |
|a Client/server computing.
|
| 650 |
|
0 |
|a Electronic data processing
|x Distributed processing.
|
| 650 |
|
0 |
|a Database management.
|
| 650 |
|
0 |
|a Computer networks.
|
| 999 |
|
|
|a MARS
|
| 999 |
f |
f |
|s 83a39717-dff5-3832-b106-ed2e4fb57469
|i ec04d6de-478f-31c7-9408-1dd5624f47b4
|t 0
|
| 952 |
f |
f |
|p ric
|a Texas A&M University
|b Rellis Campus
|c Joint Library Facility
|d Remote Storage
|t 0
|e QA76.9.D5 S24 1995
|h Library of Congress classification
|i unmediated -- volume
|m A14819324010
|
| 998 |
f |
f |
|a QA76.9.D5 S24 1995
|t 0
|l Remote Storage
|